| 000 | 00430nam a2200193Ia 4500 | ||
|---|---|---|---|
| 000 | 00746ngmaa2200277 a 4500 | ||
| 003 | RNL | ||
| 006 | g||||fr|||| a0| fz | ||
| 007 | hj bfb|||baap | ||
| 008 | 090707b ii f a fnsan d | ||
| 040 | _aeng | ||
| 100 | _aBhajan Singh (Giani) | ||
| 245 | _aMeri videsh yatra | ||
| 250 | _a2nd ed. | ||
| 260 | _aDelhi | ||
| 260 | _bNational Book Shop | ||
| 260 | _c1994 | ||
| 942 | _cBK | ||
| 999 |
_c13056 _d13056 |
||